| 000 | 00826nam a2200241 i 4500 | ||
|---|---|---|---|
| 001 | 71162 | ||
| 003 | ES-MaACL | ||
| 005 | 20250822041828.0 | ||
| 007 | t| | ||
| 008 | 040806s1978 sp ||||1| spa d | ||
| 020 | _a84-271-1100-2 | ||
| 100 | 1 |
_aGauquelin, Michel. _956022 |
|
| 245 | 1 | 0 |
_aConocer a los demás por la cosmopsicología / _cpor Michel Gauquelin ; versión española por José Luis Arriaga. |
| 260 |
_aBilbao : _bMensajero, _c[1978] |
||
| 300 |
_a253 p. : _bil. ; _c23 cm. |
||
| 490 | 1 | _aLa psicología moderna: comprender, saber, actuar | |
| 650 | 0 | 7 |
_aAstrología _2embne _910384 |
| 650 | 0 | 7 |
_aCarácter _2embne _910773 |
| 700 | 1 |
_aArriaga, José Luis. _923276 |
|
| 830 | 1 | 3 |
_aLa psicología moderna: comprender, saber, actuar _9231061 |
| 852 |
_aES-MaACL _jL-9823 |
||
| 999 |
_c71162 _d71162 |
||